000 00768nam a2200241Ia 4500
003 OSt
005 20220923225111.0
006 a|||||r|||| 00| 0
007 ta
008 220922b |||||||| |||| 00| 0 hin d
024 _a257,322
037 _cTextual
040 _aARTS
_cARTS
_bhin
041 _2hin
_ahin
082 _aV2y7M89, 152N6
100 _aशर्मा, शंकर दयाल
245 0 _aजवाहरलाल नेहरू
246 _aJavāharalāl neharū
260 _aनई दिल्ली
_b प्रवीण प्रकाशन
_c1996
650 _aविश्व-इतिहास
942 _hV2y7M89, 152N6
_cTEXL
_2CC
999 _c376045
_d376045